Cross-selling zmluvy o zájazde a zmlúv o finančných službách bakalárska práca

Saved in:
Bibliographic Details
Main Author: Nagyová, Jana
Corporate Author: Obchodná fakulta EU. Katedra obchodného práva
Other Authors: Winkler, Martin, 1975-
Format: Book
Language:Slovak
Published: Bratislava 2024
Tags: Add Tag
No Tags, Be the first to tag this record!

MARC

LEADER 00000nbm a2200000 4500
001 0302516
005 20241122133158.2
041 0 |a slo 
044 |a SK 
245 1 0 |a Cross-selling zmluvy o zájazde a zmlúv o finančných službách  |b bakalárska práca  |c Jana Nagyová ; školiteľ: Martin Winkler 
264 1 |a Bratislava  |c 2024 
300 |a 52 s. 
100 1 |a Nagyová, Jana 
700 1 |a Winkler, Martin, 1975- 
710 2 |a Obchodná fakulta EU. Katedra obchodného práva